000
00346 a2200169 4500
001
69686
020
_a
8526260359
040
_c
Anchieta - Itaigara
100
_a
Lima, Edy
240
1
0
_a
O guarani
_l
por
245
1
0
_a
O guarani
300
_a
48
362
0
_a
2006
440
1
_a
Scipione
650
4
_a
Literatura infanto-juvenil
942
_c
BK
999
_c
69686
_d
69686